<?xml version="1.0" encoding="UTF-8"?>
<marc:record xmlns:marc="http://www.loc.gov/MARC21/slim">
   <marc:leader>00000nam a2200000 a 4500</marc:leader>
   <marc:datafield ind1="0" ind2="0" tag="245">
      <marc:subfield code="a">The Best of Me</marc:subfield>
   </marc:datafield>
   <marc:datafield ind1="0" ind2="0" tag="245">
      <marc:subfield code="b">Deine erste Liebe vergisst du nie</marc:subfield>
   </marc:datafield>
   <marc:datafield ind1=" " ind2="1" tag="264">
      <marc:subfield code="b">Senator Home Entertainment</marc:subfield>
      <marc:subfield code="c">2015</marc:subfield>
   </marc:datafield>
   <marc:datafield ind1="1" ind2=" " tag="520">
      <marc:subfield code="a">21 Jahre, nachdem ein Schicksalsschlag ihrer Liebe ein Ende setzte, sehen sich Dawson und Amanda an ihrem Heimatort in Louisiana wieder. Anlass ist die Beerdigung von Dawsons gutmütigem Ersatzvater Tuck, der mit seinem Testament zwei Menschen versöhnen will, die füreinander bestimmt sind. Doch Amanda ist mittlerweile verheiratet und Mutter, während Dawson von seiner Vergangenheit und seiner gewalttätigen Sippe eingeholt wird. So hat die Liebe zwar eine zweite Chance, muss sich aber unter großen Widerständen bewähren.</marc:subfield>
   </marc:datafield>
   <marc:datafield ind1="3" ind2=" " tag="024">
      <marc:subfield code="a">888750265098</marc:subfield>
   </marc:datafield>
</marc:record>
